Tenanted sector's changing fortunes (Record no. 82016)

MARC details
000 -LEADER
fixed length control field 00835cab a22001935a 4500
001 - CONTROL NUMBER
control field L148973
008 - FIXED-LENGTH DATA ELEMENTS--GENERAL INFORMATION
fixed length control field 091209s2009 xxko f s 000 0 eng d
035 ## - SYSTEM CONTROL NUMBER
System control number (Sirsi) u148973
041 0# - LANGUAGE CODE
Language code of text/sound track or separate title eng
110 1# - MAIN ENTRY--CORPORATE NAME
Corporate name or jurisdiction name as entry element Farmland Market
9 (RLIN) 5484
245 00 - TITLE STATEMENT
Title Tenanted sector's changing fortunes
260 ## - PUBLICATION, DISTRIBUTION, ETC.
Date of publication, distribution, etc. 2009
490 ## - SERIES STATEMENT
Series statement Farmland Market
Volume/sequential designation (72) Autumn 2009, 40-41(2)
520 ## - SUMMARY, ETC.
Summary, etc. Reports the results of the 2008 Tenanted Farms Survey organised by the Central Association of Agricultural Valuers. Suggests that the tenanted sector grew marginally in 2008, but that the trend has steadily declined since 2003. Highlights that one in seven Farm Business Tenancies was on land which was not formely let.
590 ## - LOCAL NOTE (RLIN)
Local note KA
651 #4 - SUBJECT ADDED ENTRY--GEOGRAPHIC NAME
Geographic name United Kingdom
Chronological subdivision
690 ## - LOCAL SUBJECT ADDED ENTRY--TOPICAL TERM (OCLC, RLIN)
Topical term or geographic name as entry element PROPERTY-LANDLORD AND TENANT-TENANCIES-AGRICULTURAL TENANCIES
942 ## - ADDED ENTRY ELEMENTS (KOHA)
Suppress in OPAC 0
Holdings
Withdrawn status Lost status Source of classification or shelving scheme Damaged status Not for loan Home library Current library Shelving location Date acquired Total Checkouts Full call number Barcode Date last seen Copy number Price effective from Koha item type
    Dewey Decimal Classification     London London Journal article 09/12/2009   L148973 148973-1001 06/08/2019 1 06/08/2019 Journal article